Responses for Show #6521 - Monday, January 14, 2013

Kristin Morgan game 4.

Contestants

[<< previous game]

Tim Courchaine, a fund administration manager from Everett, Massachusetts

Scott Mitchell, a technical project manager from New York, New York

Kristin Morgan, a strategic analyst for NASA from Huntsville, Alabama (whose 3-day cash winnings total $17,498)

[next game >>]

Jeopardy! Round responses

MUDDY WATERS
DR. JOHN
BUDDY, GUY
B.C. KING
SINGING THE BLUES
MY WOMAN IS GONE & MY WHISKEY RAN DRY
    $200 12
the Amazon

Kristin
    $200 17
the University of Pennsylvania

Kristin
    $200 1
bro

Kristin
    $200 19
(Tim: Who is David?)
(Scott: Who is Solomon?)

Saul

KristinScottTim
    $200 11
(Tim: What is Kansas City?)

Chicago

Tim
Triple Stumper
    $200 6
a spa

Tim
    $400 13
the Missouri

Kristin
    $400 18
(Kristen: What are German measles?)

measles

KristinScott
    $400 2
bedfellows

Scott
    $400 27
Herod

Scott
    $400 23
a harmonica

Kristin
    $400 7
Canada

Kristin
    $600 14
springs

Kristin
    $600 20
a hip

Kristin
    $600 3
playmate

Scott
    $600 28
the Persian Empire

Tim
    $600 24
Eric Clapton

Kristin
    $600 8
a handbag

Kristin
    $800 15
the Yellow River

Tim
    $800 21
hemoglobin

Kristin
    $800 4
a familiar

Tim
    $800 29
Phillip

Tim
    $800 25
Lady Sings the Blues

Scott
    $800 9
single malt

Kristin
    $1000 16
Idaho

Kristin
    $2,400 22
(Kristen: Who is Pavlov?)

Dr. John Watson

Kristin
    $1000 5
a cohort

Tim
    $1000 30
Gilgamesh

Kristin
    $1000 26
Lucille

Kristin
    $1000 10
gauze

Kristin

Scores at the first commercial break (after clue 15):

Kristin Scott Tim
$4,200 $1,000 $2,600

Scores at the end of the Jeopardy! Round:

Kristin Scott Tim
$7,200 $2,400 $3,800

Double Jeopardy! Round responses

IMPEACHED!
MIKE
"QUE" TIPS
(Alex: Each correct response will end with "Q-U-E".)
THE ACTOR'S RÉSUMÉ
ENGLISH LITERATURE
SCIENCE 101
    $400 17
perjury

Tim
    $400 12
(Tim: Who is Mickey Rooney?)

Mike Wallace

ScottTim
    $400 7
technique

Kristin
    $400 1
Mark Wahlberg

Tim
    $400 23
A Christmas Carol

Tim
    $400 2
a fever

Tim
    $800 18
the Supreme Court

Tim
    $800 13
Mike Huckabee

Tim
    $800 8
a clique

Tim
    $800 5
Claire Danes

Scott
    $800 24
Peter Pan

Kristin
    $800 3
(Kristin: Who is Mendelev?)
[(Kristin: Who is Mendelev?)
[Kristin was initially ruled correct and the decision was reversed before Daily Double at clue 20 due to an invalid pronunciation.]

Mendeleev

Kristin
Triple Stumper
    $1200 19
(Tim: What is 25?)
(Kristin: What is 26?)
(Scott: What is... 17?)

35

KristinScottTim
Triple Stumper
    $1200 14
Mike Tyson

Kristin
    $1200 9
Dubuque

Kristin
    $1200 6
Ryan Gosling

Kristin
    $2,400 25
Pompeii

Kristin
    $1200 4
a galaxy

Scott
    $1600 28
Grant

Scott
    $1600 15
Mike Royko

Scott
    $1600 10
communique

Tim
    $1600 22
(Tim: Who is Kate Beckinsdale?)

Kate Beckinsale

KristinTim
    $1600 26
(Evelyn) Waugh

Kristin
    $3,800 20
atmosphere

Tim
    $2000 29
tax evasion

Kristin
    $2000 16
Mike Todd

Scott
    $2000 11
a macaque

Kristin
    $2000 30
Michelle Williams

Kristin
    $2000 27
A High Wind in Jamaica

Triple Stumper
    $2000 21
(Tim: What is QWERTY?)

function keys

ScottTim

Scores at the end of the Double Jeopardy! Round:

Kristin Scott Tim
$21,600 $10,800 $8,000
(lock-tie game)

[wagering suggestions for these scores]

Final Jeopardy! Round responses

COUNTRIES OF THE WORLD
(Alex: Two of them are completely encircled by the same country.)
...
(Alex: [To Tim] Both surrounded by Italy, you are right.)
...
(Alex: [To Kristin] We've got all three of them accounted for; you are right. And your wager? Nothing; okay.)
[Scott laughs.]
(Alex: For the second time in less than a week, we are gonna have co-champions. Kristin, your new total is $39,098, and Scott, of course, $21,600. Both of them coming back to play again tomorrow.)
TimWhat are San Marino and the Vatican?
$7,999
ScottWhat are San Marino + Vatican City
$10,800
KristinWhat is are Lesotho & San Marino
$0
(2 of) San Marino, Vatican City & Lesotho

Final scores:

Kristin Scott Tim
$21,600 $21,600 $15,999
4-day co-champion: $39,098 New co-champion: $21,600 2nd place: $2,000

Game dynamics:

Coryat scores:

Kristin Scott Tim
$22,800 $10,800 $5,800
28 R
(including 1 DD),
4 W
(including 1 DD)
12 R,
2 W
15 R
(including 1 DD),
6 W

Combined Coryat: $39,400

[game clues] [game scores] [suggest correction]

Game tape date: 2012-10-16
The J! Archive is created by fans, for fans. Scraping, republication, monetization, and malicious use prohibited; this site may use cookies and collect identifying information. See terms. The Jeopardy! game show and all elements thereof, including but not limited to copyright and trademark thereto, are the property of Jeopardy Productions, Inc. and are protected under law. This website is not affiliated with, sponsored by, or operated by Jeopardy Productions, Inc. Join the discussion at JBoard.tv.